Central Library OPAC University of Rajshahi

Devil of a state / (Record no. 18617)

MARC details
000 -LEADER
fixed length control field 00652nam a2200253 a 4500
001 - CONTROL NUMBER
control field 18617
003 - CONTROL NUMBER IDENTIFIER
rucl marc code BD-RjUL
005 - DATE AND TIME OF LATEST TRANSACTION
control field 20211209000317.0
008 - FIXED-LENGTH DATA ELEMENTS--GENERAL INFORMATION
fixed length control field 140220s1961 enk 000 1 eng
035 ## - SYSTEM CONTROL NUMBER
System control number (BD-RjUL)18675
System control number (OCoLC)1373590
040 ## - CATALOGING SOURCE
Original cataloging agency DLC
Transcribing agency DLC
Modifying agency BD-RjUL
Language of cataloging eng
041 ## - LANGUAGE CODE
Language code of text/sound track or separate title eng
082 00 - DEWEY DECIMAL CLASSIFICATION NUMBER
Classification number 823.9
Author mark and year BUD 1961
100 1# - MAIN ENTRY--PERSONAL NAME
Personal name Burgess, Anthony,
Dates associated with a name 1917-1993.
9 (RLIN) 3181
245 10 - TITLE STATEMENT
Title Devil of a state /
Statement of responsibility, etc. Anthony Burgess.
260 ## - PUBLICATION, DISTRIBUTION, ETC. (IMPRINT)
Place of publication, distribution, etc. London :
Name of publisher, distributor, etc. Heinemann,
Date of publication, distribution, etc. c1961.
300 ## - PHYSICAL DESCRIPTION
Pagination 282 p. ;
Size 21 cm.
650 #0 - SUBJECT ADDED ENTRY--TOPICAL TERM
Topical term or geographic name as entry element Fiction.
9 (RLIN) 57336
942 ## - ADDED ENTRY ELEMENTS (KOHA)
Source of classification or shelving scheme Dewey Decimal Classification
Koha item type Books
Holdings
Lost status Source of classification or shelving scheme Damaged status Not for loan Collection code Permanent Location Current Location Shelving location Date acquired Source of acquisition Cost, normal purchase price Total Checkouts Full call number Date last seen Copy number Koha item type
  Dewey Decimal Classification   Not For Loan Fiction Central Library, University of Rajshahi Central Library, University of Rajshahi Reading Room 02/12/1969 Zeitlinger 0.21   823.9 BUD 1961 20/02/2014 C-1 Books